| 000 | 00681nam a22001937a 4500 | ||
|---|---|---|---|
| 003 | ASAB | ||
| 005 | 20240628140112.0 | ||
| 008 | 170713b xxu||||| |||| 00| 0 eng d | ||
| 040 | _cASAB | ||
| 082 | _a200 | ||
| 100 |
_aMunazza Fatima _93272 |
||
| 245 |
_aHemagglutinin based vaccinal and therapeutic approaches against influenza viruses / _cMunazza Fatima |
||
| 260 |
_aIslamabad. _bAtta Ur Rahman School of Applied Biosciences NUST. _c2016. |
||
| 300 |
_a174 p; _bill; _c30,cm. |
||
| 648 |
_xPhD-Virology and Immunology _9123903 |
||
| 700 |
_aSupervisor: Najam-us-Sahar Sadaf Zaidi _9123901 |
||
| 856 | _uhttp://10.250.8.41:8080/xmlui/handle/123456789/26971 | ||
| 942 |
_2ddc _cSC |
||
| 999 |
_c330447 _d330447 |
||